书目信息 |
| 题名: |
共青团宣传手册
|
|
| 作者: | ;共青团中央宣传部 主编 | |
| 分册: | ||
| 出版信息: | 北京 中国青年出版社 1988.2 |
|
| 页数: | 488页 | |
| 开本: | 19cm | |
| 丛书名: | ||
| 单 册: | ||
| 中图分类: | D296.1 | |
| 科图分类: | ||
| 主题词: | 共青团工作:宣传工作--手册 , 宣传工作:共青团工作--手册 | |
| 电子资源: | ||
| ISBN: | 7-5006-0140-9 | |
| 000 | 00902nam0 2200241 45 | |
| 001 | 0188018585 | |
| 005 | 20070721150952.62 | |
| 010 | @a7-5006-0140-9@dCNY3.00 | |
| 100 | @a19910417d1988 km y0chiy0120 ea | |
| 101 | 0 | @achi |
| 102 | @aCN@b110000 | |
| 105 | @ay g 000yy | |
| 200 | 10 | @a共青团宣传手册@Agong qing tuan xuan chuan shou ce@f共青团中央宣传部主编@Fgong qing tuan zhong yang xuan chuan bu zhu bian |
| 210 | @a北京@c中国青年出版社@d1988.2 | |
| 215 | @a488页@d19cm | |
| 330 | @a本书主要内容包括建设有中国特色的社会主义的基本理论和基本政策,团十大以来的工作经验及今后工作的思考等。 | |
| 540 | 1 | @a共青团宣传手册@Agong qing tuan xuan chuan shou ce |
| 606 | @a共青团工作:宣传工作@x手册 | |
| 606 | @a宣传工作:共青团工作@x手册 | |
| 690 | @aD296.1@v4 | |
| 711 | 02 | @a共青团中央宣传部@Agong qing tuan zhong yang xuan chuan bu@4主编 |
| 801 | 0 | @aCN@bTSSF@c20070721 |
| 905 | @a10447@dD296.1@e29 | |
| 共青团宣传手册/共青团中央宣传部主编.-北京:中国青年出版社,1988.2 |
| 488页;19cm |
| ISBN 7-5006-0140-9:CNY3.00 |
| 本书主要内容包括建设有中国特色的社会主义的基本理论和基本政策,团十大以来的工作经验及今后工作的思考等。 |
| ● |
| 相关链接 |
|
|
|
|
正题名:共青团宣传手册
索取号:D296.1/29
 
预约/预借
| 序号 | 登录号 | 条形码 | 馆藏地/架位号 | 状态 | 备注 |
| 1 | 0767514 | 207675149 | 第一样本阅览室/ [索取号:D296.1/29] | 在馆 |